000 00595nam a2200205Ia 4500
005 20260429112114.0
008 260429s9999||||xx |||||||||||||| ||und||
020 _a9781032911267
041 _aEnglish
082 _a378.17346
_bNAR
100 _aNartey, Emmanuel K.
245 0 _aGenerative AI in higher education :
_bguiding principles for teaching and learning, Vol. 1 /
_cEmmanuel K. Nartey
250 _a1st ed.
260 _aBoca Raton :
_bCRC Press,
_c2025.
300 _axii, 202 p.; hb
650 _a Education
650 _a Learning
650 _agenerative AI
942 _cTB
999 _c52379
_d52379